Εισαγωγή στη Διοίκηση της Εκπαίδευσης / Θεωρία και Μελέτη Περιπτώσεων. (Record no. 8258)
[ view plain ]
| 000 -LEADER | |
|---|---|
| fixed length control field | 02232cam a22002054a 4500 |
| 005 - ΗΜΕΡΟΜΗΝΙΑ ΚΑΙ ΩΡΑ ΤΕΛΕΥΤΑΙΑΣ ΕΝΗΜΕΡΩΣΗΣ | |
| Πεδίο ελέγχου | 20250605164331.0 |
| 008 - FIXED-LENGTH DATA ELEMENTS--GENERAL INFORMATION | |
| Πεδίο ελέγχου σταθερού μήκους | 250528s ||||||||||||||||||||||||d |
| 035 ## - SYSTEM CONTROL NUMBER | |
| System control number | 23229 |
| 020 ## - ISBN | |
| ISBN | 9789609093323 |
| 040 ## - ΠΗΓΗ ΚΑΤΑΛΟΓΟΓΡΑΦΗΣΗΣ | |
| Φορέας πρωτότυπης καταλογογράφησης | MC Athens Campus Library |
| Γλώσσα καταλογογράφησης | Ελληνικά, Μοντέρνα (1453-) |
| Modifying agency | MC Athens Campus Library |
| Κανόνες περιγραφικής καταλογογράφησης | AACR2 |
| 245 1# - ΤΙΤΛΟΣ ΚΑΙ ΔΗΛΩΣΗ ΥΠΕΥΘΥΝΟΤΗΤΑΣ | |
| Τίτλος | Εισαγωγή στη Διοίκηση της Εκπαίδευσης / Θεωρία και Μελέτη Περιπτώσεων. |
| Number of part/section of a work | Τόμος Α' |
| 260 ## - PUBLICATION, DISTRIBUTION, ETC. | |
| Name of publisher, distributor, etc. | Αθήνα, |
| Date of publication, distribution, etc. | 2011 |
| 300 ## - PHYSICAL DESCRIPTION | |
| Extent | 364 |
| 520 ## - SUMMARY, ETC. | |
| Summary, etc. | Σκοπός της σειράς αυτής είναι να δώσει: στους μεν φοιτητές τις απαραίτητες γνώσεις για την οργάνωση και λειτουργία των σχολικών μονάδων, αφού κάποια μέρα οι περισσότεροι από αυτούς θα αναλάβουν διοικητικά καθήκοντα σε σχολικές μονάδες, στα δε εν ενεργεία διευθυντικά στελέχη μια σφαιρική πληροφόρηση για τον τρόπο με τον οποίο πρέπει να αντιμετωπίζουν τα διάφορα διοικητικά προβλήματα στα σχολεία που υπηρετούν. Εισαγωγή, Βασικά Στοιχεία της Εκπαιδευτικής Διοίκησης, Προγραμματισμός στην Εκπαίδευση, Η Λήψη των Αποφάσεων στο Σχολείο, Οργανωτική Θεωρία και Σχεδιασμός, Διεύθυνση και Ηγεσία, Δραστηριότητα του Ελεγχου, Ο Εκπαιδευτικός ως Δημόσιος Υπάλληλος, Επικοινωνία και Σχολείο, Συγκρούσεις στο Σχολείο, Παρακίνηση του Εκπαιδευτικού Προσωπικού, Διαχείριση Κρίσεων στις Σχολικές Μονάδες, Ο Διευθυντής Σχολείου και το Έργο του, Ελληνόγλωση και Ξενόγλωσση Βιβλιογραφία. |
| 700 1# - ΠΡΟΣΘΕΤΗ ΑΝΑΓΡΑΦΗ--ΦΥΣΙΚΟ ΠΡΟΣΩΠΟ | |
| Personal name | Σαΐτη Άννα |
| 9 (RLIN) | 8811 |
| 700 1# - ΠΡΟΣΘΕΤΗ ΑΝΑΓΡΑΦΗ--ΦΥΣΙΚΟ ΠΡΟΣΩΠΟ | |
| Personal name | Σαΐτης Χρίστος |
| 9 (RLIN) | 8812 |
| 942 ## - ADDED ENTRY ELEMENTS (KOHA) | |
| Koha item type | Books |
| Τύπος τεκμηρίου | Βιβλιοθήκη | Τρέχουσα τοποθεσία | Barcode | Αριθμός εισαγωγής | Ημερομηνία απόκτησης | Ταξιθετικό σύμβολο | Αριθμός αντιτύπου | Κατάσταση απόσυρσης | Κατάσταση χαμένου | Κατάσταση κατεστραμμένου | Μη δανεισμός | Σύνολο δανεισμών | Ημερομηνία τελευταίας εμφάνισης | Η τιμή ισχύει από |
|---|---|---|---|---|---|---|---|---|---|---|---|---|---|---|
| Books | MC Athens Campus Library | MC Athens Campus Library | 9780000082572 | 7566 | 05/06/2025 | 379.495 SAI V.A | 1 | 05/06/2025 | 05/06/2025 |